000 00708cam a2200241 4500
001 M1877
008 090401t1974 xxu||||| |||| 00| 0 eng d
035 _a(Sirsi) u35011
041 _aeng
050 _a914.21
100 _aMasters, Betty R.
245 4 _aThe public markets of the City of London surveyed by William Leybourn in 1677.
260 _aLondon
_bLondon Topographical Society
_c1974
300 _a55p. : ill.,maps ; 28cm.
350 _a0
490 _aLondon Topographical Society Publication
_v117
650 _aCITY OF LONDON
650 _aWILLIAM LEYBOURN
690 _aMAPPING AND MEASUREMENT
710 _aLondon Topographical Society
_9106
942 _n0
948 _c04/03/1997
999 _c90022
_d90022